Informatik Abkürzungen - Statistiken

Allgemein
  • Dieses Quiz wurde 196 mal gespielt
  • Das Durchschnittsergebnis liegt bei 13 aus 93
Antwortstatistiken
Hint Antwort % Korrekt
P-/L-/M-/W-/GAN Personal-/ Local-/ Metropolitan-/ Wide-/ Global Area Network
76%
PC Personal Computer
74%
IoT Internet of Things
66%
CPU Central Processing Unit
64%
RAM Random Access Memory
64%
IP Internet Protocol
56%
VR Virtual Reality
53%
OS Operating System
49%
SSD Solid State Drive
49%
DP Display Port
39%
HTTP Hypertext Transfer Protocol
38%
USB Universal Serial BUS
38%
GPU Graphics Processing Unit
36%
DSGVO Datenschutz Grundverordnung
32%
ROM Read Only Memory
32%
DNS Domain Name System
29%
HD Hard Disc
27%
AR Augmented Reality
26%
HDD Hard Disc Drive
26%
PoE Power over Ethernet
26%
BIOS Basic Input Output System
25%
ggT größter gemeinsamer Teiler
24%
TTL Time to Live
21%
Wi-Fi Wireless Fidelity
21%
ALU Arithmetic Logical Unit
18%
EVA Eingabe Verarbeitung Ausgabe
18%
IDE Integrated Development Environment
18%
2FA Zweifaktorauthentifizierung
18%
CEO Chief Executive Officer
17%
(D)DoS (Distributed) Denial of Service
14%
VS Visual Studio
14%
RISC Reduced Instruction Set Computer
13%
MR Mixed Reality
12%
CAD Computer Aided Design
11%
DMZ Demilitarisierte Zone
11%
NIC Network Interface Card
11%
TCP Transmission Control Protocol
10%
UML Unified Modeling Language
10%
I-/P-/S-AAS Infrastructure-/ Platform-/ Software as a Service
9%
BDSG Bundesdatenschutzgesetz
7%
MAC Media Access Control
7%
POST Power On Self Test
7%
S-/D-RAM Static-/Dynamic-RAM
7%
Bit Binary Digits
6%
CU Control Unit
6%
IIoT Industrial Internet of Things
5%
BUS Binary Unit System
4%
EMV Elektromagnetische Verträglichkeit
4%
UTP Underscreend/Unshielded Twisted Pair
4%
UEFI Unified Extensible Firmware Interface
4%
VGA Video Graphics Array
4%
ARM Advanced RISC Machine
3%
ASCII American Standard for Coded Information Interchange
3%
ADU Analog Digital Umwandler
3%
BMP Basic Multilingual Plane
3%
BCD Binary Coded Decimals
3%
DoD Department of Defence
3%
ITO Indium Tin Oxid
3%
OSI Open System Interface
3%
PpI Pixel per Inch
3%
P-/E-/EE-ROM Programmable-/Erasable-/Electrically Erasable-ROM
3%
RTOS Real Time Operation System
3%
FTP Screened/Foiled Twisted Pair
3%
UTF Unified Transformation Format
3%
UDP User Data Protocol
3%
AVR Advanced Virtual RISC
2%
ADV Auftragsdatenverarbeitung
2%
BSI Bundesamt für Sicherheit in der Informatik
2%
DVI Digital Virtual Interface
2%
HDMI Highspeed Definition Multimedia Interface
2%
(I)BSS (Independent) Basic Service Set
2%
ISM-Band Industrial Scientific Medical Band
2%
KMU Kleinere und Mittlere Unternehmen
2%
MIPS-Chip Microprocessor without interlocked pipeline stages
2%
PVM Python Virtual Machine
2%
RAD Rapid Application Development
2%
SAW Surface Acoustic Wave
2%
SD-RAM Synchronous-D-RAM
2%
SysML Systems Modeling Language
2%
URL Unifeid Ressource Locator
2%
(W)AP (Wireless) Accsess Point
2%
API Application Proframming Interface
1%
CSMA/CD Carrier Sense Multiple Access with Collision Detection
1%
CIA-Trade Confidential, Integrity, Availability Trade
1%
CSP Cyber Physical System
1%
CRA Cyber Resilience Act
1%
IEEE Institute of Electrial and Electronic Enginners
1%
IDLE Integradet Development and Learning Environment
1%
IFS Interframe Spacing
1%
IPG/IFG Interpacket Gap/ Interframe Gap
1%
PEP Python Enhancement Proposals
1%
VUKA Volatilität, Unsicherheit, Komplexität und Ambiguität
1%
NIS Netzwerk- und Informationssicherheit
0%
Keine übereinstimmenden Quizze gefunden
Verteilung der Resultate
Anzahl Personen mit jedem Resultat
Perzentil nach korrekt beantworteten Fragen
Ihre Resultats-Entwicklung
Sie haben dieses Quiz noch nicht gespielt